Catálogo público

Code of Federal regulations 9: (Record no. 218952)

MARC details
000 -CABECERA
campo de control de longitud fija 01417nam a2200313 a 4500
003 - IDENTIFICADOR DEL NÚMERO DE CONTROL
campo de control CHAP
005 - FECHA Y HORA DE LA ÚLTIMA TRANSACCIÓN
campo de control 20230615124249.0
007 - CAMPO FIJO DE DESCRIPCIÓN FÍSICA--INFORMACIÓN GENERAL
campo de control de longitud fija ta
008 - DATOS DE LONGITUD FIJA--INFORMACIÓN GENERAL
campo de control de longitud fija 230614s1974 waua|||fr||||f001 0 eng d
040 ## - FUENTE DE LA CATALOGACIÓN
Centro catalogador/agencia de origen mxchpua
Centro/agencia transcriptor CHAP
Normas de descripción rda
050 10 - SIGNATURA TOPOGRÁFICA DE LA BIBLIOTECA DEL CONGRESO
Número de clasificación C KF3841
Número de documento/Ítem .U55 1972
082 00 - NÚMERO DE LA CLASIFICACIÓN DECIMAL DEWEY
Número de clasificación C 636.08
Número de documento/Ítem U55 1972
Número de edición 20
110 1# - ENTRADA PRINCIPAL--NOMBRE DE ENTIDAD CORPORATIVA
9 (RLIN) 187414
Nombre de entidad corporativa o nombre de jurisdicción como elemento de entrada United States. Animal and Plant Health Inspection Service
245 10 - MENCIÓN DE TÍTULO
Título Code of Federal regulations 9:
Resto del título animals and animal products /
250 ## - MENCIÓN DE EDICIÓN
Mención de edición 1a edición
264 ## - PRODUCCIÓN, PUBLICACIÓN, DISTRIBUCIÓN, FABRICACIÓN Y COPYRIGHT
Producción, publicación, distribución, fabricación y copyright Washington, USA :
Nombre del de productor, editor, distribuidor, fabricante Office of the Federal Register National Archives and Records Service,
Fecha de producción, publicación, distribución, fabricación o copyright 1974
300 ## - DESCRIPCIÓN FÍSICA
Extensión vi, 694 páginas :
Otras características físicas ilustraciones
336 ## - TIPO DE CONTENIDO
Fuente rdacontent
Término de tipo de contenido texto
Código de tipo de contenido txt
337 ## - TIPO DE MEDIO
Fuente rdamedia
Nombre/término del tipo de medio sin medio
Código del tipo de medio n
338 ## - TIPO DE SOPORTE
Fuente rdacarrier
Nombre/término del tipo de soporte volumen
Código del tipo de soporte nc
650 13 - PUNTO DE ACCESO ADICIONAL DE MATERIA--TÉRMINO DE MATERIA
9 (RLIN) 187418
Término de materia o nombre geográfico como elemento de entrada Mantenimiento del bienestar animal
Subdivisión general Legislación
Subdivisión geográfica Estados Unidos de América
650 13 - PUNTO DE ACCESO ADICIONAL DE MATERIA--TÉRMINO DE MATERIA
9 (RLIN) 147937
Término de materia o nombre geográfico como elemento de entrada Industria del ganado y de la carne
Subdivisión general Legislación
Subdivisión geográfica Estados Unidos de América
650 17 - PUNTO DE ACCESO ADICIONAL DE MATERIA--TÉRMINO DE MATERIA
9 (RLIN) 92040
Término de materia o nombre geográfico como elemento de entrada Productos animales
Subdivisión general Legislación
Subdivisión geográfica Estados Unidos de América
650 13 - PUNTO DE ACCESO ADICIONAL DE MATERIA--TÉRMINO DE MATERIA
9 (RLIN) 187419
Término de materia o nombre geográfico como elemento de entrada Animal welfare
Subdivisión general Law and legislation
Subdivisión geográfica United States of America
650 13 - PUNTO DE ACCESO ADICIONAL DE MATERIA--TÉRMINO DE MATERIA
9 (RLIN) 147938
Término de materia o nombre geográfico como elemento de entrada Livestock and meat industry
Subdivisión general Law and legislation
Subdivisión geográfica United States of America
650 13 - PUNTO DE ACCESO ADICIONAL DE MATERIA--TÉRMINO DE MATERIA
9 (RLIN) 187420
Término de materia o nombre geográfico como elemento de entrada Animal products
Subdivisión general Law and legislation
Subdivisión geográfica United States of America
710 1# - PUNTO DE ACCESO ADICIONAL--NOMBRE DE ENTIDAD CORPORATIVA
9 (RLIN) 187414
Nombre de entidad corporativa o nombre de jurisdicción como elemento de entrada United States. Animal and Plant Health Inspection Service
942 ## - ELEMENTOS DE PUNTO DE ACCESO ADICIONAL (KOHA)
Fuente del sistema de clasificación o colocación Dewey Decimal Classification
Tipo de ítem Koha
Holdings
Estado de retiro Estado de pérdida Fuente del sistema de clasificación o colocación Estado dañado Restricciones de uso No para préstamo Código de colección Localización permanente Ubicación/localización actual Fecha de adquisición Fuente de adquisición Número de inventario Total de préstamos Signatura topográfica completa Código de barras Fecha visto por última vez Número de copia Precio válido a partir de Tipo de ítem Koha
    Dewey Decimal Classification   Préstamo interno   Consulta Ingenieria Agroindustrial Ingenieria Agroindustrial 19/01/2023 Donación Donación   C 636.08 U55 1972 1103014860 14/06/2023 Ej. 1 14/06/2023 Libro